| 000 | 00410nam a22001697a 4500 | ||
|---|---|---|---|
| 003 | LK-CoMWRAF | ||
| 005 | 20231117143637.0 | ||
| 008 | 231117b |||||||| |||| 00| 0 eng d | ||
| 020 | _a8179632040 | ||
| 040 |
_aLK-CoMWRAF _dLK-CoMWRAF _eLK-CoMWRAF |
||
| 041 | _aeng | ||
| 082 |
_a823 _bNOS |
||
| 245 | _aNosey and the fox | ||
| 260 |
_aMumbai : _bShree book centre, |
||
| 650 | _aChildren books | ||
| 942 | _cBK | ||
| 999 |
_c4099 _d4099 |
||